<?xml version='1.0' encoding='UTF-8'?>
  <record xmlns="http://www.loc.gov/MARC21/slim">
    <leader>00000cam a22000007i 4500</leader>
    <controlfield tag="001">ocm66095113</controlfield>
    <controlfield tag="003">OCoLC</controlfield>
    <controlfield tag="005">20251006151529.9</controlfield>
    <controlfield tag="008">921124s1786    ne            000 0 dut d</controlfield>
    <datafield tag="040" ind1=" " ind2=" ">
      <subfield code="a">NLGGC</subfield>
      <subfield code="b">dut</subfield>
      <subfield code="e">fobidrtb</subfield>
      <subfield code="c">NLGGC</subfield>
      <subfield code="d">OCLCO</subfield>
      <subfield code="d">OCLCA</subfield>
      <subfield code="d">OCLCL</subfield>
      <subfield code="d">OCLCQ</subfield>
    </datafield>
    <datafield tag="029" ind1="0" ind2=" ">
      <subfield code="a">NLGGC</subfield>
      <subfield code="b">100554571</subfield>
    </datafield>
    <datafield tag="035" ind1=" " ind2=" ">
      <subfield code="a">(OCoLC)66095113</subfield>
    </datafield>
    <datafield tag="100" ind1="1" ind2=" ">
      <subfield code="a">Jonxis, Lodewyk,</subfield>
      <subfield code="d">fl. 1786.</subfield>
      <subfield code="1">https://id.oclc.org/worldcat/entity/E39PCjMw4QTHC6Dwvhy6pPvGpP</subfield>
    </datafield>
    <datafield tag="245" ind1="1" ind2="0">
      <subfield code="a">Meesterboek, bestaande uit geexperimenteerde middelen, voor allerhande kwaalen, zoo innerlyke als uitterlyke der paarden; hebbende de naam van alle mans gaading /</subfield>
      <subfield code="c">door L. Jonxis.</subfield>
    </datafield>
    <datafield tag="260" ind1=" " ind2=" ">
      <subfield code="a">Te Vlissingen :</subfield>
      <subfield code="b">by Jan Nortier,</subfield>
      <subfield code="c">1786.</subfield>
    </datafield>
    <datafield tag="300" ind1=" " ind2=" ">
      <subfield code="a">[VI], 57 p. ;</subfield>
      <subfield code="c">20 cm.</subfield>
    </datafield>
    <datafield tag="336" ind1=" " ind2=" ">
      <subfield code="a">tekst</subfield>
      <subfield code="b">txt</subfield>
      <subfield code="2">rdacontent/dut</subfield>
    </datafield>
    <datafield tag="337" ind1=" " ind2=" ">
      <subfield code="a">zonder medium</subfield>
      <subfield code="b">n</subfield>
      <subfield code="2">rdamedia/dut</subfield>
    </datafield>
    <datafield tag="338" ind1=" " ind2=" ">
      <subfield code="a">band</subfield>
      <subfield code="b">nc</subfield>
      <subfield code="2">rdacarrier/dut</subfield>
    </datafield>
    <datafield tag="758" ind1=" " ind2=" ">
      <subfield code="a">Meesterboek, bestaande uit geexperimenteerde middelen, voor allerhande kwaalen, zoo innerlyke als uitterlyke der paarden; hebbende de naam van alle mans gaading (Text)</subfield>
      <subfield code="1">https://id.oclc.org/worldcat/entity/E39PCFJ7Tq7hXtWKktFkCvx4bd</subfield>
      <subfield code="4">https://id.oclc.org/worldcat/ontology/hasWork</subfield>
    </datafield>
    <datafield tag="776" ind1="0" ind2=" ">
      <subfield code="t">Meesterboek, bestaande uit geexperimenteerde middelen, voor allerhande kwaalen, zoo innerlyke als uitterlyke der paarden; hebbende de naam van alle mans gaading</subfield>
      <subfield code="w">(NL-LeOCL)426060075</subfield>
    </datafield>
    <datafield tag="936" ind1=" " ind2=" ">
      <subfield code="a">BATCHLOAD</subfield>
    </datafield>
  </record>